The covered bridge house and other poems /

A collection of 30 poems about a variety of childhood experiences.

Bibliographic Details
Main Author: Starbird, Kaye
Other Authors: Arnosky, Jim
Format: Book
Language:English
Published: New York : Four Winds Press, [1979]
Subjects:

MARC

Tag First Indicator Second Indicator Subfields
LEADER 00000pam a2200000 i 4500
001 in00000059864
005 20151008051025.0
008 790228s1979 nyua j 00010 eng
010 |a  79011418  
020 |a 0590075446 :  |c $6.95 
035 |a (OCoLC)04775734 
035 |9 AAG5095AM 
040 |a DLC  |c DLC  |d TXA  |d UtOrBLW 
049 |a [Curr Col] TXAM  |c [1383133] 
050 0 0 |a PS3537.T2396  |b C6 
082 0 |a 811/.5/4 
100 1 |a Starbird, Kaye. 
245 1 4 |a The covered bridge house and other poems /  |c by Kaye Starbird ; illustrated by Jim Arnosky. 
264 1 |a New York :  |b Four Winds Press,  |c [1979] 
264 4 |c ©1979 
300 |a 53 pages :  |b illustrations ;  |c 24 cm. 
336 |a text  |b txt  |2 rdacontent 
337 |a unmediated  |b n  |2 rdamedia 
338 |a volume  |b nc  |2 rdacarrier 
520 |a A collection of 30 poems about a variety of childhood experiences. 
650 0 |a Children's poetry, American. 
650 1 |a American poetry. 
700 1 |a Arnosky, Jim. 
999 |a MARS 
999 f f |s 24cc140d-5976-3ef8-bb49-129854cff971  |i 7e906167-4329-362e-9fe5-87b89b04d3cb  |t 0 
952 f f |p normal  |a Texas A&M University  |b College Station  |c Sterling C. Evans Library  |d Evans: Curriculum Collection (4th floor)  |t 0  |e PS3537.T2396 C6  |h Library of Congress classification  |i unmediated -- volume  |m A14800240071 
998 f f |a PS3537.T2396 C6  |t 0  |l Evans: Curriculum Collection (4th floor)